LEADER 02158nam a2200301 u 4500 001 000000005975 003 CaOOAMICUS 005 20110414180629.0 008 941015m19681978sp fk u000 u spa u 035 $a10152792 040 $aPUL$bita 041 1 $aspa$afre$aeng 130 0 $aCodex Neofiti 1.$0(OLS)http://pul/title/8800 245 10$aNeophyti 1; Targum palestinense ms de la Biblioteca Vaticana ... /$cAlejandro Díez Macho ; edición príncipe, introducción general y versión castellana. Traducciones cotejadas de la versión castellana: francesa: R. Le Déaut; inglesa: Martin McNamara y Michael Maher. 260 $aMadrid ;$a- Barcelona :$bConsejo superior de investigaciones científicas,$c1968-1978. 300 $a5 v. :$btav. pieg. (prosp.) ;$c28 cm 490 1 $aSeminario filológico "Cardenal Cisneros" del Instituto "Arias Montano". Escuela de estudios targúmicos de la Institución "Milá y Fontanale". Textos y estudios ;$v7, 8, 9, 10, 11 500 $aIn testa al front.: Alejandro Díez Macho. 505 1 $aT. I. Génesis. -- t. II. Éxodo. -- t. III. Levítico. Lugares parallelos a Éxodo y Levítico de Pseudojonatán y Neophyti 1: Etan B. Levine. El Memra de Yaweh en el me Neophyti 1: Domingo Muñoz. -- t. IV. Números. Lugares parallelos a Números de Pseudojonatán y Neophyti 1: Etan B. Levine. -- t. V. Deuteronomio. Lugares paralelos a Deuternomio de Pseudojonatán y Neophiti 1: Etan B. Levine. 700 1 $aDíez Macho, Alejandro.$0(OLS)http://pul/name/11320 710 2 $aInstitución Milá y Fontanals.$bEscuela de estudios targúmicos.$0(OLS)http://pul/name/6120 830 0$aTextos y estudios "Cardenal Cisneros" ;$v7, 8, 9, 10, 11.$0(OLS)http://pul/title/8802 850 $aPUL 852 $aPUL$W1$xSL Religione 1$y3$m7(1) B 24-29$j8489$nBK-PRI$b $qStampati$B8489$CPULBib$Z2$F8489 $H $81 941 1 $a8 961 $aINV: 53956-53960 996 $6245$aNeophyti 1; Targum palestinense ms de la Biblioteca Vaticana ...$9(OLS)http://pul/title/8801 996 $6260$aMadrid ;$a- Barcelona :$bConsejo superior de investigaciones científicas$9(OLS)http://pul/publisher/51091 LEADER 01332nam a2200277 u 4500 001 000000024140 003 CaOOAMICUS 005 20070226111322.0 008 950712s1965 au u000 u ger u 035 $a10610337 040 $aIAR$bita 100 0 $aHildegardis,$cs.,$d1098-1179.$0(OLS)http://pul/name/5033 240 10$aDe operatione Dei.$lTedesco.$0(OLS)http://pul/title/33472 245 10$aWelt und Mensch :$bdas Buch "De Operatione Dei" aus dem Genter Kodex /$cHildegard von Bingen ; übersetzt und erläutert von Heinrich Schipperges. 260 $aSalzburg :$bOtto Müller,$c1965. 300 $a358 p. :$bill. ;$c23 cm 610 24$aRijksuniversiteit te Gand.$bBibliotheek.$kMss.$n(241).$0(OLS)http://pul/subject/38041 700 1 $aSchipperges, Heinrich.$0(OLS)http://pul/name/20230 850 $aPUL 852 $aPUL$W1$xDP1 Fondo Seidl$y56$m2 B 20$j33811$nBK-PRI$b $qFondi$B33811$CPULBib$Z2$F33811 $HPUL91578 $81 900 $aIldegarda,$cbadessa di Bingen,$d1098-1179$95033 900 $aHildegard von Bingen$cs.$d1098-1179? $95033 900 $aIldegarda, $cs.,$d1098-1179$95033 941 1 $a1 996 $6245$aWelt und Mensch :$bdas Buch "De Operatione Dei" aus dem Genter Kodex$9(OLS)http://pul/title/33473 996 $6260$aSalzburg :$bOtto Müller$9(OLS)http://pul/publisher/58311